Fundamentals of lidar remote sensing (Record no. 396822)

MARC details
000 -LEADER
fixed length control field 00570 a2200217 4500
005 - DATE & TIME
control field 20260317092018.0
008 - FIXED-LENGTH DATA ELEMENTS--GENERAL INFORMATION
fixed length control field 260316b |||||||| |||| 00| 0 eng d
020 ## - ISBN
International Standard Book Number 9789369562793
Price Rs. 1495.00
040 ## - CATALOGING SOURCE
Original cataloging agency VIVEKANANDA LIBRARY
082 ## - DDC NUMBER
Classification number 621.36
Book Number G181F
100 ## - MAIN ENTRY--PERSONAL NAME
Personal name Garg, Pradeep K
245 ## - TITLE STATEMENT
Title Fundamentals of lidar remote sensing
260 ## - PUBLICATION, DISTRIBUTION, ETC. (IMPRINT)
Name of publisher, distributor, etc B S Publications
Date of publication, distribution, etc 2026
Place of publication, distribution, etc Hyderabad
300 ## - PHYSICAL DESCRIPTION
Pages x, 265
650 ## - Subject
Subject Engineering
650 ## - Subject
Subject Applies Physics
650 ## - Subject
Subject Optical Electronics
650 ## - Subject
Subject Laser Technology
700 ## - Added Entry Personal Name
Added Entry Personal Name Tiwari Arti
942 ## - ADDED ENTRY ELEMENTS (KOHA)
Koha item type Books
Holdings
Withdrawn status Lost status Source of classification or shelving scheme Damaged status Not for loan Location (home branch) Sublocation or collection (holding branch) Shelving location Date acquired Koha issues (times borrowed) Koha full call number Accession No. Koha date last seen Koha item type
    Dewey Decimal Classification     VIVEKANANDA LIBRARY VIVEKANANDA LIBRARY Vivekananda Library 11/02/2026   621.36 G181F 438282 11/02/2026 Books
© Designed and Maintained by Vivekananda Library, MDU Rohtak